| 000 | 00791nam a2200229 a 4500 | ||
|---|---|---|---|
| 001 | 40544 | ||
| 003 | BD-RjUL | ||
| 005 | 20211209053234.0 | ||
| 008 | 160503s2009 bg ||||| |||| 00| 0 ben d | ||
| 020 | _cTk. 60.00 | ||
| 035 | _a(BD-RjUL)40659 | ||
| 040 |
_aBD-RjUL _bben _cBD-RjUL |
||
| 041 | _aben | ||
| 082 |
_223 _a297.14 _bISI 2009 |
||
| 100 |
_aইসলাম, মো : নূরুল _9124832 |
||
| 245 | 1 | 0 |
_aইসলামে আমানতের বিধান / _cমো : নূরুল ইসলাম |
| 260 |
_aরাজশাহী : _bআল ইহসান, _c২০০৯ |
||
| 300 |
_a৬৩ পৃ. _c২০ সেমি. |
||
| 650 |
_aইসলাম _xধর্মীয় বিধান _9124833 |
||
| 650 |
_aIslam _xReligious Laws _9124834 |
||
| 942 |
_2ddc _cBK |
||
| 999 |
_c40544 _d40544 |
||